01338nam a22002177a 450000500170000000800410001702000150005804000070007304100080008008200220008810000180011024500520012826000490018030000280022936500360025750000140029352007600030765000140106765000190108170000200110020210929094759.0210929b ||||| |||| 00| 0 eng d a8120725344 cAL aeng 223a303.625bSAID aVinod Saighal aDealing with global terrorism:bThe way forward aNew DelhibSterling Publishers Pvt Ltdc2003 axii,398p.bHBc22x14cm. b600.00c₹d600.00f2013/03/24 aSociology aThis book goes beyond the well-known by-lanes of the phenomenon and provides a tantalising glimpse of how the world is probably missing the wood for the trees in its fight against global terrorism. The author shows how national response patterns, ignoring several alternative strategies, still hover between retaliatory overkill. Delving into territory that has seldom been charted by scholars and experts writing on the subject, this book is particularly discernible in his views on: Breaking the Definitional Impasse that has eluded the comity of nations; looking beyond Iraq; countering suicide missions; and future projections to tackle the menace of global terrorism.uhttps://sites.google.com/a/gk.books-now.com/en251/9788120725348-68gnosniGEdulno58 aTerrorism aWorld Politics aSAIGHAL (Vinod)